[Event "Vaxjo op"]
[Site "Vaxjo"]
[Date "2024.02.09"]
[Round "1"]
[White "Hammarlund, Carl"]
[Black "Kistrup, Nicolai"]
[Result "0-1"]
[WhiteElo "1811"]
[BlackElo "2326"]
[PlyCount "55"]
[EventDate "2024.02.09"]
[EventType "swiss"]
[EventRounds "8"]
[EventCountry "SWE"]
[SourceTitle "CB07_2024"]
[SourceDate "2024.02.14"]
[SourceVersion "1"]
[SourceVersionDate "2024.02.14"]
[SourceQuality "1"]

1. d4 Nf6 2. c4 e6 3. g3 d5 4. Bg2 dxc4 5. Nf3 c5 6. Qa4+ Nbd7 7. Qxc4 a6 8. a4 b5 9. Qc2 Bb7 10. axb5 axb5 11. Rxa8 Qxa8 12. 0-0 Be4 13. Qb3 Bxb1 14. Qxb5 Be4 15. Bg5 Bc6 16. Qc4 Ne4 17. Bf4 Bd5 18. Qb5 Nd6 19. Bxd6 Bc6 20. Qc4 Bxd6 21. dxc5 Nxc5 22. Qd4 Ke7 23. b4 Nd7 24. Ra1 Qb8 25. Qxg7 Qg8 26. Qc3 Bd5 27. Ra7 Qb8 28. Ra1 0-1